| 000 | 00556nam a22001937a 4500 | ||
|---|---|---|---|
| 003 | SISC | ||
| 005 | 20160309085203.0 | ||
| 008 | 130906t xxu||||| |||| 00| 0 eng d | ||
| 020 | _a0663421691 | ||
| 050 |
_aPN 6013 _b.G866 1984 |
||
| 082 |
_aHS 808 _bG88 1984 |
||
| 100 |
_aGrindstaff, Louise _915727 |
||
| 245 |
_aExploring literature / _cLouise Grindstaff and Robert A. Bennett. |
||
| 260 |
_aMassachusetts : _bGinn and Company, _c1984. |
||
| 300 |
_a659 p. ; _bill. col. ; _c24 cm. |
||
| 650 |
_aLiterature _92409 |
||
| 942 |
_2lcc _cBK |
||
| 999 |
_c10469 _d10469 |
||